00314nam a2200133Ia 4500008004100000041000800041082001500049100001900064245002000083260003600103300002400139365001100163440000600174240624s9999 xx 000 0 und d aeng a658.45 BID aBIDELEUX SARAH aOUTLOOK LEVEL 4 c2007aAustraliabThomson/Heinle a160 : p. : cm. ; 28 cRSb10 v2